| 000 | 01264nam a2200265 i 4500 | ||
|---|---|---|---|
| 001 | 184535 | ||
| 003 | ES-MaACL | ||
| 005 | 20231119163123.0 | ||
| 008 | 151019s2014 sp a |||| | spa d | ||
| 020 | _a978-84-617-3131-2 | ||
| 080 | _a94(460.182 B.)"19" | ||
| 100 | 1 |
_aPérez Manrique, Juan Carlos. _9157925 |
|
| 245 | 1 | 0 |
_aMemorias y melancolía de cualquier tiempo pasado _b: Burgos y burgaleses en el primer tercio del siglo XX / _cJuan Carlos Pérez Manrique. |
| 246 | 3 | 0 |
_iSubt. de cub. _aDiscurso de ingreso del académico numerario Ilmo. Sr. D. Juan Carlos Pérez Manrique pronunciado el 12 de diciembre de 2014, y contestación del Ilmo. Sr. D. Floriano Ballesteros Caballero |
| 260 |
_aBurgos : _bReal Academia Burgense de Historia y Bellas Artes, Institución Fernán González, _c2014. |
||
| 300 |
_a155 p. : _bil. ; _c24 cm. |
||
| 504 | _aBibliografía: p. 139-144. | ||
| 651 | 7 |
_aBurgos- _xHistoria- _yS.XX. _97903 |
|
| 700 | 1 |
_aBallesteros Caballero, Floriano. _9157926 |
|
| 710 | 2 |
_aInstitución Fernán González. _94720 |
|
| 852 |
_aES-MaACL _jA-13584 _9191534 _bR.150824 _cDEPO1 _dOlim: N-6584 _hDonación: Real Academia Española |
||
| 914 |
_96336 _aReal Academia Española _ednr |
||
| 942 |
_2udc _cMONOGRAFIA |
||
| 999 |
_c184535 _d184535 |
||